000 00621nam a2200229Ia 4500
003 OSt
005 20221007074119.0
006 a|||||r|||| 00| 0
007 ta
008 221006b |||||||| |||| 00| 0 eng d
024 _a11,868
037 _cTextual
040 _aFLL
_cFLL
_beng
041 _2eng
_aeng
082 _aV2:2:9Z, J1
100 _aSawney M.L. Au.
_9692515
245 0 _aConstitution of india and its problems
260 _aLucknow
_bKamlesh publishing house India
_c1951
300 _a412p
_ccm.
942 _hV2:2:9Z, J1
_cTEXL
_2CC
999 _c1151199
_d1151199